000 00380nam a2200169Ia 4500
001 5708
003 IN-NITTTR
005 20251114233012.0
008 251113s9999||||xx |||||||||||||| ||eng||
040 _beng
040 _cIN-NITTTR
041 _aeng
082 _a621.30744 H496E
100 _aHewitt, T. H.
245 0 _aElectrical drawing. /
_cHewitt, T. H.
942 _2ddc
_cBK
999 _c8345
_d8345